|
|
|
|
| LEADER |
01692nam a2200337 i 4500 |
| 001 |
40122 |
| 003 |
BD-DhAAL |
| 008 |
221127r19741973ilua bs 101 0 eng d |
| 999 |
|
|
|c 45093
|d 45093
|
| 010 |
|
|
|a 73081484
|
| 020 |
|
|
|a 0226740854
|
| 040 |
|
|
|a DLC
|c DLC
|d DLC
|d BD-DhAAL
|
| 050 |
0 |
0 |
|a HQ728
|b .E3
|
| 082 |
0 |
0 |
|a 301.42
|
| 245 |
0 |
0 |
|a Economics of the family :
|b marriage, children, and human capital :a conference report of the National Bureau of Economic Research /
|c edited by Theodore W. Schultz.
|
| 260 |
|
|
|a Chicago :
|b Published for the National Bureau of Economic Research by the University of Chicago Press,
|c 1974.
|
| 300 |
|
|
|a 584 pages :
|b illustrations ;
|c 24 cm.
|
| 500 |
|
|
|a Contains papers presented at two conferences held in June 1972 and June 1973, sponsored by NBER and the Population Council.
|
| 500 |
|
|
|a First published as supplements to the Journal of political economy, 1973-1974.
|
| 504 |
|
|
|a Includes bibliographical references (pages 549-567) and index.
|
| 541 |
|
|
|a Donated By Akbar Ali Khan
|e 40122
|
| 650 |
|
0 |
|a Families
|v Congresses.
|9 52592
|
| 650 |
|
0 |
|a Marriage
|v Congresses.
|9 52593
|
| 650 |
|
0 |
|a Family size
|x Economic aspects
|v Congresses.
|9 52594
|
| 650 |
|
0 |
|a Fertility, Human
|x Economic aspects
|v Congresses.
|9 52595
|
| 700 |
1 |
|
|a Schultz, Theodore W.
|q (Theodore William),
|d 1902-1998.
|9 52596
|
| 710 |
2 |
|
|a National Bureau of Economic Research.
|9 52597
|
| 710 |
2 |
|
|a Population Council.
|9 52598
|
| 852 |
|
|
|a Ayesha Abed Library
|c Akbar Ali Khan Collection
|
| 942 |
|
|
|2 ddc
|c BK
|
| 952 |
|
|
|0 0
|1 0
|2 ddc
|4 0
|6 301_420000000000000_ECO
|7 1
|9 72407
|a BRACUL
|b BRACUL
|c AAKC
|d 2022-11-27
|e Donated by Akbar Ali Khan
|l 0
|o 301.42 ECO
|p 3010040122
|r 2022-11-27
|t 1
|w 2022-11-27
|y BK
|